Phantom Menace Characters by Screen Time - Statistics

General Stats
  • This quiz has been taken 38 times
  • The average score is 16 of 31
Answer Stats
Hint Answer % Correct
40:11 Qui-Gon Jinn
100%
25:51 Obi-Wan Kenobi
97%
27:02 Padme Amidala
94%
24:23 Jar Jar Binks
89%
31:08 Anakin Skywalker
86%
3:26 Mace Windu
83%
9:50 Chancellor Palpatine
81%
6:18 Darth Maul
81%
3:51 Yoda
81%
11:51 R2-D2
78%
2:59 C-3PO
75%
8:03 Shmi Skywalker
72%
5:28 Watto
69%
14:00 Captain Panaka
58%
6:54 Nute Gunray
56%
3:53 Sebulba
56%
4:08 Boss Nass
47%
2:15 Chancellor Valorum
47%
0:32 Jabba the Hutt
39%
1:42 Ki-Adi-Mundi
33%
7:30 Sabe
33%
2:47 Captain Tarpals
25%
1:51 Plo Koon
22%
3:34 Sio Bibble
22%
0:23 Bib Fortuna
17%
3:25 Ric Olie
14%
0:54 Mas Amedda
11%
1:16 Saesee Tiin
8%
5:20 Rune Haako
6%
2:06 Kitster Banai
3%
0:10 Weazel
3%
No matching quizzes found
Score Distribution
Percent of People with Each Score
Percentile by Number Answered
Your Score History
You have not taken this quiz